00541nam a2200181Ia 4500003000900000008004100009020001800050040001600068080001800084100001700102245009100119260003400210300001600244490004700260650001500307650001500322650002200337IN-BaIIA211028s9999 xx 000 0 eng d a1-85233-465-7 cIIA Library a524.3-54bING aInglis, Mike 0aObserver's guide to stellar evolutionbthe birth, life and death of starscMike Inglis aLondonbSpringer-Verlagc2003 axvii, 233p. aPatrick Moore's practical astronomy series aStar birth aStar death aStars - evolution